000 00512nam a22001817a 4500
999 _c2118
_d2118
003 URS
005 20220114142010.0
008 200120s2007 ph a|||| |||| 00| 0 eng d
020 _a9716856859
040 _cURS
_beng
_drda
050 1 4 _aLB 1028.35
_b.L937 2007
100 _aLucido, Paz I.
245 1 0 _aEducational technology 2
_cPaz I. Lucido
260 _aQuezon City:
_bLorimar Publishing;
_c[2007]
300 _avii, 106 pages
_bwith iIlustrations
_c26 cm.
504 _aIncludes bibliography
942 _2lcc
_cF